अपनी हस्ती से मुलाकात / (Record no. 44398)

MARC details
000 -LEADER
fixed length control field 01260nam a22002537a 4500
005 - DATE AND TIME OF LATEST TRANSACTION
control field 20100906104624.0
008 - FIXED-LENGTH DATA ELEMENTS--GENERAL INFORMATION
fixed length control field 100906t xxu||||| |||| 00| 0 hin d
010 ## - LCCN (DPL NO)
LC control number HIN-90380
020 ## - INTERNATIONAL STANDARD BOOK NUMBER
International Standard Book Number 9788190734011
Terms of availability 250.00
035 ## - SYSTEM CONTROL NUMBER
System control number HN-62726
037 ## - SOURCE OF ACQUISITION
Source of stock number/acquisition DBAD/PUN
040 ## - CATALOGING SOURCE
Original cataloging agency DPL
Language of cataloging HN
082 ## - DEWEY DECIMAL CLASSIFICATION NUMBER
Classification number 808.88
100 ## - MAIN ENTRY--PERSONAL NAME
Personal name त्रिलोक चन्द तुलसी
9 (RLIN) 18464
245 ## - TITLE STATEMENT
Title अपनी हस्ती से मुलाकात /
Statement of responsibility, etc त्रिलोक चन्द्र तुलसी
260 ## - PUBLICATION, DISTRIBUTION, ETC. (IMPRINT)
Place of publication, distribution, etc नई दिल्ली
Name of publisher, distributor, etc सभ्या प्रकाशन
Date of publication, distribution, etc 2010
270 ## - ADDRESS
Address WH-44, इंडस्ट्रियल एरिया फेज-1, मायापुरी
City नई दिल्ली
Postal code 110064
300 ## - PHYSICAL DESCRIPTION
Extent 204पृ.
Dimensions 22सेमी (सजिल्द)
500 ## - GENERAL NOTE
General note विश्वज्योति में प्रकाशित ललित निबन्धों का संग्रह
650 ## - SUBJECT ADDED ENTRY--TOPICAL TERM
9 (RLIN) 1169
650 ## - SUBJECT ADDED ENTRY--TOPICAL TERM
9 (RLIN) 18465
942 ## - ADDED ENTRY ELEMENTS (KOHA)
Source of classification or shelving scheme Dewey Decimal Classification
Item type Hindi Books
Classification part 808.88
Call number suffix त्रिलोक
Holdings
Withdrawn status Lost status Source of classification or shelving scheme Damaged status Not for loan Collection code Home library Current library Date acquired Source of acquisition Cost, normal purchase price Total Checkouts Full call number Barcode Date last seen Copy number Cost, replacement price Koha item type
    Dewey Decimal Classification   Not For Loan Non-fiction D.B.Act.Division D.B.Act.Division 08/09/2010 DBAD / PUB 250.00   808.88 त्रिलोक HN-62726 08/09/2010 1 250.00 Hindi Books

© Delhi Public Library
Hit Counter
free hit counter